书目信息 |
| 题名: |
纺织品装饰艺术
|
|
| 作者: | 白玉林 编著 | |
| 分册: | ||
| 出版信息: | 沈阳 辽宁科学技术出版社 1994.11 |
|
| 页数: | 108页 | |
| 开本: | 32开 | |
| 丛书名: | ||
| 单 册: | ||
| 中图分类: | ||
| 科图分类: | ||
| 主题词: | 建筑工程--工程施工 | |
| 电子资源: | ||
| ISBN: | 7-5381-1862-4 | |
| 000 | 00589nam0 2200205 45 | |
| 001 | 9911010999 | |
| 005 | 20000726094444.4 | |
| 010 | @a7-5381-1862-4@d30.00元 | |
| 100 | @a19991101d1994 km y0chiy0120 ea | |
| 101 | @achi | |
| 105 | @a z 000yy | |
| 200 | 1 | @a纺织品装饰艺术@AFang Zhi Pin Zhuang Shi Yi Shu@f白玉林等编著@FBai Yu Lin Deng Bian Zhu |
| 210 | @a沈阳@c辽宁科学技术出版社@d1994.11 | |
| 215 | @a108页@d32开 | |
| 606 | 0 | @a建筑工程@x工程施工 |
| 690 | @v3 | |
| 690 | @aTU767@v3 | |
| 701 | @a白玉林@4编著 | |
| 801 | @aCN@bPFTUser@c19991101 | |
| 905 | @dTU767@eB465@b78988-997@f10 | |
| 纺织品装饰艺术/白玉林等编著.-沈阳:辽宁科学技术出版社,1994.11 |
| 108页;32开 |
| ISBN 7-5381-1862-4:30.00元 |
| ● |
| 相关链接 |
|
|
|
正题名:纺织品装饰艺术
索取号:TU767/B465
 
预约/预借
| 序号 | 登录号 | 条形码 | 馆藏地/架位号 | 状态 | 备注 |
| 1 | 78991 | 200789913 | 自科二线404/404自科库 14排5列4层/ [索取号:TU767/B465] | 在馆 | |
| 2 | 78992 | 200789922 | 建筑库201/201建筑库 45排5列1层/ [索取号:TU767/B465] | 在馆 | |
| 3 | 78993 | 200789931 | 自科二线404/404自科库 14排5列4层/ [索取号:TU767/B465] | 在馆 | |
| 4 | 78994 | 200789940 | 建筑库201/ [索取号:TU767/B465] | 在馆 | |
| 5 | 78995 | 200789959 | 建筑库201/201建筑库 45排5列1层/ [索取号:TU767/B465] | 在馆 | |
| 6 | 78996 | 200789968 | 自科二线404/404自科库 14排5列4层/ [索取号:TU767/B465] | 在馆 | |
| 7 | 78997 | 200789977 | 自科二线404/404自科库 14排5列4层/ [索取号:TU767/B465] | 在馆 |